00673 a2200181 4500003000500000005001700005010001600022020001500038040000900053082001700062245010100079260003000180300003500210505016500245650002000410650003400430700002700464Nust20221223143216.0 a 92036074 a0470220511 cNust00a621.3827,FUN00aFundamentals of fibre optics in telecommunication and sensor systems /cedited by Bishnu P. Pal. aNew York :bWiley,c1992. axxii, 778 p. :bill. ;c24 cm. aFiber And Integrated Optical Waveguides (Page-1), Optical Sources, Detectors And Communication Systems (Page-331), Optical Fibre Sensors And Devices (Page-547). 0aOptical fibers. 0aTelecommunication engineering1 aPal, Bishnu P.,d1948-